| Tag |
First Indicator |
Second Indicator |
Subfields |
| LEADER |
00000cam a2200000 4500 |
| 001 |
in00000043341 |
| 005 |
20151007072758.0 |
| 008 |
800606s1923 gw a b 00010 ger d |
| 035 |
|
|
|a (OCoLC)06396300
|
| 035 |
|
|
|9 AAE8541AM
|
| 040 |
|
|
|a TXA
|c TXA
|d UtOrBLW
|
| 049 |
|
|
|a TXAM
|c [101493]
|
| 090 |
|
|
|a QK861
|b .M65 1923
|
| 092 |
|
|
|a 581.19
|b M724m3
|
| 100 |
1 |
|
|a Molisch, Hans,
|d 1856-1937.
|
| 245 |
1 |
0 |
|a Mikrochemie der pflanze /
|c von dr. Hans Molisch ...
|
| 250 |
|
|
|a 3. neubearb. aufl.
|
| 264 |
|
1 |
|a Jena :
|b G. Fischer,
|c 1923.
|
| 300 |
|
|
|a x pages, 1 ., 438 pages :
|b illustrations ;
|c 26 cm.
|
| 336 |
|
|
|a text
|b txt
|2 rdacontent
|
| 337 |
|
|
|a unmediated
|b n
|2 rdamedia
|
| 338 |
|
|
|a volume
|b nc
|2 rdacarrier
|
| 504 |
|
|
|a "Literatur" at end of each chapter.
|
| 650 |
|
0 |
|a Botanical chemistry.
|
| 999 |
|
|
|a MARS
|
| 999 |
f |
f |
|s 8d26060c-c278-3ae3-b47f-8b77654aaf36
|i ffe76c26-58bb-3f7d-b8b0-8577ab7d7e1d
|t 0
|
| 952 |
f |
f |
|p ric
|a Texas A&M University
|b Rellis Campus
|c Joint Library Facility
|d Remote Storage
|t 0
|e QK861 .M65 1923
|h Library of Congress classification
|i unmediated -- volume
|m A14800988687
|
| 998 |
f |
f |
|a QK861 .M65 1923
|t 0
|l Remote Storage
|